Ideas Políticas de Jorge Volio /
Un pequeño ejemplar escrito por el intelectual costarricense Eugenio Rodríguez, abogado por la Universidad de Costa Rica, profesor de Sociología y ex-rector, presenta este libro como parte de la serie “Siete ensayos políticos” donde relata la vida y las ideas de varias de las figuras políticas más i...
Guardat en:
| Autor principal: | |
|---|---|
| Format: | Desconegut |
| Idioma: | Spanish |
| Publicat: |
Costa Rica:
EUNED
|
| Edició: | 2° edición |
| Col·lecció: | Siete ensayos políticos
n° 3 |
| Matèries: | |
| Etiquetes: |
Afegir etiqueta
Sense etiquetes, Sigues el primer a etiquetar aquest registre!
|
MARC
| LEADER | 00000 a2200000 04500 | ||
|---|---|---|---|
| 001 | 48932 | ||
| 003 | cru CIDCACS/IIS | ||
| 005 | 20231129133958.0 | ||
| 008 | 050611s1989 cr spa d | ||
| 020 | |a 9977-64-490-X | ||
| 022 | |a 9977-64-490-X | ||
| 040 | |c cru CIDCACS/IIS |a cru CIDCACS/IIS | ||
| 090 | |a 04.04.02 R696s | ||
| 100 | |a Rodríguez, Eugenio | ||
| 245 | |a Ideas Políticas de Jorge Volio / |c Eugenio Rodríguez | ||
| 250 | |a 2° edición | ||
| 260 | |a Costa Rica: |b EUNED | ||
| 300 | |a 73 páginas | ||
| 440 | |a Siete ensayos políticos |v n° 3 | ||
| 520 | |a Un pequeño ejemplar escrito por el intelectual costarricense Eugenio Rodríguez, abogado por la Universidad de Costa Rica, profesor de Sociología y ex-rector, presenta este libro como parte de la serie “Siete ensayos políticos” donde relata la vida y las ideas de varias de las figuras políticas más influyentes del Siglo XX. En este caso se trata de las ideas políticas de Jorge Volio Jiménez multifacético personaje, sacerdote, militar y filósofo fue una de las figuras políticas más influyentes de la primera mitad del siglo XX en Costa Rica. Reconocido políticamente por ser el pionero de la doctrina reformista y fundador del Partido Reformista quien introduce por primera vez la doctrina socialcristiana, propulsor de las ideas de justicia social, sería la inspiración de muchas ideas y personajes políticos de su época. En este libro se relata su vida, actividad y pensamiento político. SCA/211221 | ||
| 650 | 0 | |9 1855 |a IDEOLOGIAS POLITICAS | |
| 650 | 0 | |9 4603 |a FILOSOFIA POLITICA | |
| 650 | 0 | |9 631 |a BIOGRAFIAS | |
| 651 | 0 | |9 32 |a COSTA RICA | |
| 942 | |2 z |c LI |h 04.04.02 R696s |i 18033 |6 040402_R696S_18033 | ||
| 999 | |c 12626 |d 12626 | ||



